02258nam a2200265Ia 4500952012100000952012100121952011600242952011600358999001700474008004100491020001800532050002500550110002700575245010900602250002000711260003200731300003800763500002300801505096000824519005601784519004501840519004601885650005401931942000701985 00102lcc4070a04b04d2013-05-22l63m6oC KGF3784 A44 2013p04 002564r2018-11-22s2018-11-22t1w2013-05-22yLB 00102lcc4070a04b04d2013-10-16l62m6oC KGF3784 A44 2013p04 004305r2018-11-22s2018-11-22t2w2013-10-16yLB 00102lcc4070a13b13d2016-11-23l1oCKGF3784 A44 2013p13 004455r2019-10-14s2019-10-14t1w2016-11-23yLB 00102lcc4070a13b13d2016-11-23l1oCKGF3784 A44 2013p13 004456r2018-08-03s2018-08-01t2w2016-11-23yLB c62506d62506120625s2013 mx l 001 0 spa d a9786074064346 4aC KGF3784bA44 2013 1 aMéxico. Leyes, etc. 10aAgenda Agraria 2013 b : compendio de leyes, reglamentos y otras disposiciones conexas sobre la materia  a18a. edición  aMéxicob : ISEF c , 2013 a[paginación varia] c ; 20 cm.  a1a. edición 20000 aLey Agraria Reglamento de la Ley Agraria en Materia de Certificación de Derechos Ejidales y Títulación de Solares Reglamento de la Ley Agraria en Materia de Ordenamiento de la Propiedad Rural Ley Orgánica de los Tribunales Agrarios Reglamento Interior de los Tribunales Agrarios Reglamento Interior de la Secretaría de la Reforma Agraria Reglamento Interior de la Secretaría de Agricultura, Ganadería, Desarrollo Rural, Pesca y Alimentación Reglamento Interior del Registro Agrario Nacional Estatuto Orgánico de la Comisión para la Regularización de la Tenencia de Tierra Estatuto del Servicio Profesional Agrario de Carrera en la Procuraduría Agraria Artículo 27° Constitucional Ley de Protección y Desarrollo de los Bioenergéticos Ley General de Desarrollo Forestal Sustentable Reglamento de la Ley General de Desarrollo Forestal Sustentable Ley de Aguas Nacionales Reglamento de la Ley de Aguas Nacionales  aMaterial complementario / d(13 004455 ; 13 004456) aMaterial Complementario / d(04 002564)  aMaterial Complementario / d(04 004305)  4aDERECHO AGRARIOvLEYES Y LEGISLACIÓN zMÉXICO cLB